000 00332nam a2200145Ia 4500
008 191201s2008 xx 000 0 und d
082 _a658.3
_bPAH
100 _aPATTANAYAK, Biswajeet
245 0 _aHuman Resource Management
250 _a3rd
260 _aN.Delhi
_bPHI
_c2008
300 _a484
650 _aMBA
942 _2ddc
_cBK
999 _c3583
_d3583